Bestehen Sie die 1. Klasse? - Statistiken

Allgemein
  • Dieses Quiz wurde 409 mal gespielt
  • Das Durchschnittsergebnis liegt bei 6 aus 6
Antwortstatistiken
Fach Frage Antwort % Korrekt
Mathe 2+3=? 5
100%
Erdkunde Hauptstadt von Deutschland? Berlin
100%
Englisch Katze auf Englisch? cat
100%
Deutsch Fünfter Buchstabe im Alphabet? E
100%
Sachkunde schwarz-weißes Bauernhof Tier? Kuh
97%
Musik Ich geh mit meiner … und meine … mit mir. Laterne
94%
Keine übereinstimmenden Quizze gefunden
Verteilung der Resultate
Anzahl Personen mit jedem Resultat
Perzentil nach korrekt beantworteten Fragen
Ihre Resultats-Entwicklung
Sie haben dieses Quiz noch nicht gespielt